[Event "Baden-ch AT1"]
[Site "Oberwinden"]
[Date "2007.04.13"]
[Round "10"]
[White "Bachert, Daniel"]
[Black "Leis, Florian"]
[Result "1-0"]
[WhiteElo "1029"]
[BlackElo "967"]
[PlyCount "81"]
[EventDate "2007.04.06"]
[EventType "swiss"]
[EventRounds "11"]
[EventCountry "GER"]
[SourceTitle "CBM 117 Extra"]
[Source "ChessBase"]
[SourceDate "2007.05.09"]
[SourceVersion "1"]
[SourceVersionDate "2007.05.09"]
[SourceQuality "1"]

1. e4 e5 2. Nf3 Nc6 3. Bb5 d6 4. Nc3 Nf6 5. d3 Be7 6. Bg5 h6 7. Bh4 g5 8. Bg3 Bg4 9. Bxc6+ bxc6 10. h3 Bh5 11. Qe2 d5 12. Bxe5 dxe4 13. Nxe4 Nxe4 14. Bxh8 Nd6 15. Bf6 Nc8 16. Bxe7 Nxe7 17. g4 Bg6 18. Ne5 Qd5 19. f3 0-0-0 20. Nxg6 Nxg6 21. Qe4 Qxe4+ 22. fxe4 Nf4 23. 0-0-0 Ne2+ 24. Kd2 Nf4 25. h4 h5 26. gxh5 Nxh5 27. hxg5 Ng3 28. Rh4 Rd6 29. Rg1 Nxe4+ 30. Rxe4 f6 31. g6 f5 32. Rf4 Rd8 33. Rxf5 a6 34. g7 Kb7 35. Rf8 Rxf8 36. gxf8Q a5 37. Rg7 Kb6 38. Qe7 Kb5 39. c4+ Ka6 40. Qxc7 a4 41. Qa7# 1-0

[Event "Baden-ch AT1"]
[Site "Oberwinden"]
[Date "2007.04.08"]
[Round "4"]
[White "Leis, Florian"]
[Black "Deuring, Lukas"]
[Result "0-1"]
[WhiteElo "967"]
[BlackElo "911"]
[PlyCount "104"]
[EventDate "2007.04.06"]
[EventType "swiss"]
[EventRounds "11"]
[EventCountry "GER"]
[SourceTitle "CBM 117 Extra"]
[Source "ChessBase"]
[SourceDate "2007.05.09"]
[SourceVersion "1"]
[SourceVersionDate "2007.05.09"]
[SourceQuality "1"]

1. e4 e5 2. Nf3 Nc6 3. Bc4 h6 4. d3 a6 5. c3 Nf6 6. h3 Bc5 7. Be3 Bxe3 8. fxe3 d6 9. 0-0 0-0 10. Nbd2 Qe7 11. Nh4 Nxe4 12. Ng6 Qe8 13. Nxf8 Nxd2 14. Qxd2 Qxf8 15. Qf2 Nd8 16. a4 Be6 17. Bxe6 Nxe6 18. h4 Qe7 19. g3 Rf8 20. b4 c5 21. bxc5 dxc5 22. Qf3 Rd8 23. Rab1 Rd7 24. Rb2 Nd8 25. Rd2 e4 26. Qe2 Qd6 27. Rfd1 Qxg3+ 28. Qg2 Qxe3+ 29. Kh1 Rxd3 30. Rxd3 exd3 31. Rg1 Ne6 32. Qg3 Qe4+ 33. Qg2 Qxh4+ 34. Qh2 Qxa4 35. Qb8+ Kh7 36. Qxb7 d2 37. Qd5 Qh4+ 38. Kg2 Nf4+ 39. Kf3 Nxd5 40. Rd1 Qh5+ 41. Ke4 Qxd1 42. Kxd5 Qc2 43. Kc4 Qxc3+ 44. Kxc3 d1Q 45. Kc4 Kg6 46. Kxc5 Kf6 47. Kb6 Qc1 48. Ka7 Qb1 49. Ka8 Ke7 50. Ka7 Kd7 51. Kxa6 Kc6 52. Ka5 Qb5# 0-1